000 00498nam a2200145Ia 4500
008 151015s9999 xx 000 0 und d
020 _a273651773
050 _aHF 5549 .H78424 1990
245 _aEdwards,Tony
250 _a_International Human Resource Management Globalization, National Systems and Multinational Companies Tony Edwards
300 _aEngland Pearson Education 2006
500 _aIncludes index.
650 _a_Human resource management
700 _a^d20120113 10:25:17^oanne
999 _c1111
_d1111